Konzervácia kozmetických výrobkov na ochranu kože pred slnečným žiarením: prieskum trhu bakalárska práca

Guardado en:
Detalles Bibliográficos
Autor principal: Balašková, Ivana
Formato: Libro
Lenguaje:eslovaco
Publicado: Bratislava STU FCHPT 2014
Acceso en línea:Ver en el OPAC
Etiquetas: Agregar Etiqueta
Sin Etiquetas, Sea el primero en etiquetar este registro!

MARC

LEADER 00000nam a2200000 a 4500
005 20260127134305.0
008 140904 2014 000 0 slo d
035 |a vtls010617675 
039 9 |a 201409041037  |b mschk03  |y 201409041036  |z mschk03 
040 |a STUSCHK1  |b slo  |c STUSCHK1  |e AACR2 
100 1 |a Balašková, Ivana 
245 1 |a Konzervácia kozmetických výrobkov na ochranu kože pred slnečným žiarením: prieskum trhu  |b bakalárska práca  |c Ivana Balašková 
260 |a Bratislava  |b STU FCHPT  |c 2014 
300 |a 33 s.  |b Tab., grafy  |c 30 cm 
500 |a Obhájené: 17.7.2014 
500 |a Štud. program: výživa-kozmetika-ochrana zdravia 
500 |a Štud. odbor: potravinárstvo 
500 |a Školiace pracovisko: Odd. potravinárskej technológie 
500 |a Evid. pracovisko: FCHPT-13046-43152 
910 |a SCHK95 
999 |c 8922  |d 8922